Rizikový kapitál v kontexte podpory konkurencieschopnosti na Slovensku
Ako podporiť v súčasnosti investície do rozvoja podnikania na Slovensku a tým zabezpečiť konkurencieshopnosť. Rizikový kapitál je jednou z najúčinnejších foriem ako naštartovať malé a stredné podnikanie. Oblasť malého a stredného podnikania na Slovensku, rozvoj, konkurencia, kapitál.
Enregistré dans:
| Auteur principal: | |
|---|---|
| Format: | Chapitre de livre |
| Langue: | slovaque |
| Sujets: | |
| Tags: |
Pas de tags, Soyez le premier à ajouter un tag!
|
MARC
| LEADER | 00000nla$a2200000$$$4500 | ||
|---|---|---|---|
| 001 | 0103532 | ||
| 005 | 20240502072127.6 | ||
| 041 | 0 | |a slo | |
| 044 | |a SK | ||
| 245 | 1 | 0 | |a Rizikový kapitál v kontexte podpory konkurencieschopnosti na Slovensku |c Peter Kopkáš |
| 520 | |a Ako podporiť v súčasnosti investície do rozvoja podnikania na Slovensku a tým zabezpečiť konkurencieshopnosť. Rizikový kapitál je jednou z najúčinnejších foriem ako naštartovať malé a stredné podnikanie. Oblasť malého a stredného podnikania na Slovensku, rozvoj, konkurencia, kapitál. | ||
| 610 | 2 | 0 | |a kapitál rizikový |
| 610 | 2 | 0 | |a investície |
| 610 | 2 | 0 | |a podnikanie |
| 610 | 2 | 0 | |a Slovensko |
| 610 | 2 | 0 | |a trh |
| 610 | 2 | 0 | |a konkurencieschopnosť |
| 100 | 1 | |a Kopkáš, Peter | |